Every Former Name of NFL Teams - Statistics

General Stats
  • This quiz has been taken 31 times
  • The average score is 15 of 29
Answer Stats
Current Team Tenure Answer % Correct
Washington Commanders 1937-2019 Washington {Redskins}
97%
Washington Commanders 2020-2021 Washington {Football Team}
93%
Las Vegas Raiders 1960-1981,1995-2019 {Oakland} Raiders
90%
Los Angeles Rams 1995-2015 {St. Louis} Rams
90%
Las Vegas Raiders 1982-1994 {Los Angeles} Raiders
86%
Indianapolis Colts 1953-1983 {Baltimore} Colts
83%
New England Patriots 1960-1970 {Boston} Patriots
83%
Los Angeles Chargers 1961-2016 {San Diego} Chargers
83%
Tennessee Titans 1997-1998 Tennessee {Oilers}
83%
Tennessee Titans 1960-1996 Houston Oilers
79%
Arizona Cardinals 1988-1993 {Phoenix} Cardinals
72%
Arizona Cardinals 1960-1987 {St. Louis} Cardinals
66%
Arizona Cardinals 1922-1943, 1945-1959 {Chicago} Cardinals
62%
New York Jets 1960-1962 {Titans of} New York
52%
Kansas City Chiefs 1960-1962 Dallas Texans
48%
Chicago Bears 1920 Decatur Staleys
45%
Chicago Bears 1921 Chicago {Staleys}
41%
Los Angeles Rams 1936-1942, 1944-1945 {Cleveland} Rams
41%
Washington Commanders 1932 Boston Braves
28%
Washington Commanders 1933-1936 Boston Redskins
28%
Pittsburgh Steelers 1943 Phil-Pitt
28%
Philadelphia Eagles 1943 Phil-Pitt
28%
Pittsburgh Steelers 1933-1939 Pittsburgh {Pirates}
28%
Pittsburgh Steelers 1944 Card-Pitt
21%
Arizona Cardinals 1944 Card-Pitt
21%
Detroit Lions 1928-1933 Portsmouth Spartans
21%
Arizona Cardinals 1898 Morgan Athletic Club
7%
Arizona Cardinals 1899-1900 Racine Normals
7%
Arizona Cardinals 1901-1921 {Racine Street} Cardinals
7%
No matching quizzes found
Score Distribution
Percent of People with Each Score
Percentile by Number Answered
Your Score History
You have not taken this quiz